| 000 | 00445pam a2200169a 44500 | ||
|---|---|---|---|
| 008 | 230405s2006 xxu||||| |||| 00| 0 eng d | ||
| 041 | _aENG | ||
| 100 | _aJoshi K.C. | ||
| 245 | _aAdministrative Law | ||
| 250 | _a1st . . Ed. | ||
| 260 |
_aAllahabad _bCental Law Pub. _c2006 |
||
| 300 | _a292p. | ||
| 440 | _aBHARATI MAD.SAHAKARI GRAHAK BHANDAR LTD.,PUNE. | ||
| 650 | _aADMINISTRATIVE LAW | ||
| 690 | _aADMINISTRATIVE LAW | ||
| 906 | _a2203 | ||
| 999 |
_c273182 _d273182 |
||